| 000 | 00603nam a2200205 a 4500 | ||
|---|---|---|---|
| 005 | 20240228064309.0 | ||
| 008 | 170911s2004 mx r 000 0 spa d | ||
| 020 | _a0766407780 | ||
| 035 | _aUPN01000220408 | ||
| 049 | _aI | ||
| 050 | 4 |
_aQL467.2 _bT6.3 |
|
| 100 | 1 |
_aTorrisi, Cathy _933292 |
|
| 245 | 1 | 1 |
_a¿Es un insecto? / _cCathy Torrisi. |
| 260 |
_aWaterbury, E.U.A. : _bAbrams & Company, _cc2004. |
||
| 300 |
_a16 p. : _bprincipalmente il. col. |
||
| 650 | 4 |
_aINSECTOS - _vLITERATURA INFANTIL _911048 |
|
| 650 | 4 |
_aLibros y lectura para niños _92290 |
|
| 905 | _aInfantil | ||
| 999 |
_c192507 _d192507 |
||